[Event "Madurai Athens of the East op-B U1600"]
[Site "Madurai"]
[Date "2023.12.29"]
[Round "7"]
[White "Gowrishankar, Jayaraj"]
[Black "Harish, Karthik Manikandan"]
[Result "1-0"]
[WhiteElo "1529"]
[BlackElo "1381"]
[PlyCount "57"]
[EventDate "2023.12.27"]
[EventType "swiss"]
[EventRounds "9"]
[EventCountry "IND"]
[SourceTitle "CB02_2024"]
[SourceDate "2024.01.10"]
[SourceVersion "1"]
[SourceVersionDate "2024.01.10"]
[SourceQuality "1"]

1. e4 e5 2. Nf3 Nc6 3. c3 Nf6 4. d4 exd4 5. e5 Qe7 6. cxd4 d5 7. Nc3 Bg4 8. Be2 Bxf3 9. gxf3 Ng8 10. Nxd5 Qd7 11. Bc4 Nge7 12. Nxe7 Bxe7 13. Bb5 Bb4+ 14. Kf1 0-0-0 15. Bxc6 Qxc6 16. Be3 f6 17. Rc1 Qa6+ 18. Qe2 Qxa2 19. Qc4 Qxc4+ 20. Rxc4 Ba5 21. Rg1 fxe5 22. Rxg7 exd4 23. Bxd4 Rhf8 24. b4 Rf4 25. bxa5 Rdxd4 26. Rcxc7+ Kd8 27. Rxb7 Kc8 28. Rxa7 Kb8 29. a6 1-0

[Event "Madurai Athens of the East op-B U1600"]
[Site "Madurai"]
[Date "2023.12.27"]
[Round "2"]
[White "Prabakaran, S."]
[Black "Gowrishankar, Jayaraj"]
[Result "1/2-1/2"]
[WhiteElo "1244"]
[BlackElo "1529"]
[PlyCount "47"]
[EventDate "2023.12.27"]
[EventType "swiss"]
[EventRounds "9"]
[EventCountry "IND"]
[SourceTitle "CB02_2024"]
[SourceDate "2024.01.10"]
[SourceVersion "1"]
[SourceVersionDate "2024.01.10"]
[SourceQuality "1"]

1. e4 c6 2. Nc3 d5 3. Nf3 Bg4 4. h3 Bxf3 5. Qxf3 e6 6. d4 Nf6 7. exd5 cxd5 8. Bd3 Nc6 9. Ne2 h6 10. 0-0 Bd6 11. c3 Qc7 12. Nf4 0-0 13. Nh5 Nxh5 14. Qxh5 Bh2+ 15. Kh1 Bf4 16. Re1 Rae8 17. Kg1 f5 18. Bxf5 Re7 19. Bd3 Rf6 20. Qg4 e5 21. Bxf4 Rxf4 22. Qh5 Ref7 23. Bg6 Rf8 24. Re2 1/2-1/2